In welke steden liggen de voetbalclubs van de Eredivisie? - Statistieken

Algemene statistieken
  • Deze quiz is 810 keer genomen
  • De gemiddelde score is 17 van 18
Antwoordstatistieken
Hint Antwoord % Correct
Ajax Amsterdam
100%
ADO Den Haag
100%
Feyenoord Rotterdam
100%
Sparta Rotterdam
100%
PSV Eindhoven
99%
PEC Zwolle
99%
AZ Alkmaar
98%
FC U. Utrecht
98%
VVV Venlo
98%
FC G. Groningen
97%
Fortuna Sittard
97%
RKC Waalwijk
95%
Heracles Almelo
94%
sc H. Heerenveen
92%
Willem II Tilburg
92%
Vitesse Arnhem
90%
FC E. Emmen
89%
FC Twente Enschede
88%
Geen overeenkomende quizzen gevonden
Scoreverdeling
Procent van Mensen met Elke Score
Percentiel versus Aantal Correcte Antwoorden
Uw Scoregeschiedenis
U heeft deze quiz nog niet genomen